Abeceda obsluhy a prevádzky parných kotlov príručka pre energetikov a kuričov

Bibliographic Details
Main Authors: Čácha, Zbyněk (Author), Mader, Arnošt (Author)
Other Authors: Sobolič, František (Translator)
Format: Book
Language:Slovak
Czech
PhysicalDescription:287, [1] s. fotografie, ilustrácie 8°
Published: Bratislava Slovenské vydavateľstvo technickej literatúry 1956
Edition:1. vydanie
Series:Edícia strojárskej literatúry
Subjects:

MARC

LEADER 00000cam a2200000 a 4500
001 vtls008328917
003 SK-MaSNL
005 20260301182520.0
008 230403s1956 xo ao f 001 0 slo
015 |a SNBA1956/07-00875 
035 |a SK01SNK19560021134 
035 |a urn:nbn:sk:snk-am3iejg 
035 |a urn:nbn:sk:snk-am00e6zt 
035 |a D03E1B9C-9736-475F-808B-63E88860CCD0 
035 |a SKM000023597 
040 |a SNK  |b slo  |c SNK  |e AACR2 
041 1 |a slo  |h cze 
044 |a xo  |c SK 
080 |a 621.18(035)  |2 1981 
100 1 |a Čácha, Zbyněk  |4 aut  |9 457253 
245 1 0 |a Abeceda obsluhy a prevádzky parných kotlov  |b príručka pre energetikov a kuričov  |c Zbynĕk Čácha, Arnošt Mader ; z čes. orig. ... prel. František Sobolič 
250 |a 1. vydanie 
260 |a Bratislava  |b Slovenské vydavateľstvo technickej literatúry  |c 1956  |e Bratislava  |f Polygrafické závody 
300 |a 287, [1] s.  |b fotografie, ilustrácie  |c 8° 
366 |e 3200 kusov 
490 1 |a Edícia strojárskej literatúry 
504 |a Register 
650 0 7 |a parné kotly  |2 SNKPH  |9 15117 
655 7 |a monografie  |2 SNKPH  |9 70139 
655 7 |a odborné publikácie  |2 SNKPH  |9 60423 
700 1 |a Mader, Arnošt  |4 aut  |9 556478 
700 1 |a Sobolič, František  |4 trl  |9 556479 
830 0 |a Edícia strojárskej literatúry  |9 266612 
852 |a Slovenská národná knižnica 
954 |a odborná, vedecká literatúra cudzojazyčná (svetová)  |2 lita 
958 |a OND 
958 |a TL 
958 |a RK 
958 |a OP 
958 |a CZ 
958 |a NB 
958 |a EUIPO 
999 |c 853939  |d 855869 
952 |a SNK  |b SNK  |y PREZ  |7 0  |p 17A0789410  |o snkSC 8144  |i snkKSP 2203/56  |0 0  |1 0  |4 0  |d 2019-07-09  |f 1  |l 0  |r 2025-07-09 00:00:00  |w 2026-02-24